00465 a2200145 4500010001400000020001100014035001300025037001600038082000800054100001800062245014200080260004100222300003900263700001700302 aENG-88847 c100.00 aEN-72380 bDBAD / PUB14a5301 aAgarwal, D.K.1 aDisha's super-10 mock papers __physics :cby D.K. Agarwal [and] Sunil Batrab10 challenging mock papers for new pattern of IIT-JEE 2006 / aNew DelhibDisha Publicationscn.d. avii, various pagings :c24cm (pbk) aBatra, Sunil